Welcome to Marium Abdulla Library

Embrace knowledge with a breath of fresh air.

Browse Collection

Marium Abdulla Library

How have interior designers redefined: (Record no. 10394)

MARC details
000 -LEADER
fixed length control field 00385nam a2200169Ia 4500
001 - CONTROL NUMBER
control field 10146
005 - DATE AND TIME OF LATEST TRANSACTION
control field 20250626030540.0
008 - FIXED-LENGTH DATA ELEMENTS--GENERAL INFORMATION
fixed length control field 211022s9999 xx 000 0 und d
082 ## - DEWEY DECIMAL CLASSIFICATION NUMBER
Classification number 729 PAR
100 ## - MAIN ENTRY--PERSONAL NAME
Personal name Parishay Khan
245 #0 - TITLE STATEMENT
Title How have interior designers redefined:
260 ## - PUBLICATION, DISTRIBUTION, ETC.
Place of publication, distribution, etc. Karachi
260 ## - PUBLICATION, DISTRIBUTION, ETC.
Name of publisher, distributor, etc. Indus Valley School
260 ## - PUBLICATION, DISTRIBUTION, ETC.
Date of publication, distribution, etc. 2011
300 ## - PHYSICAL DESCRIPTION
Extent 54
942 ## - ADDED ENTRY ELEMENTS (KOHA)
Koha item type Dissertation
Holdings
Date last seen Total checkouts Full call number Barcode Price effective from Koha item type Lost status Damaged status Not for loan Collection Withdrawn status Home library Current library Shelving location Date acquired Source of acquisition Cost, normal purchase price
10/26/2021   729 PAR 10146 10/26/2021 Dissertation       Interior Design   Marium Abdulla Library Marium Abdulla Library Dissertation 02/15/2012 Indus Valley School 800.00